000 01444nam a2200313 a 4500
001 000002023
005 20200929145814.0
008 090630s2008 dr 001 0 spa d
020 _a9789993484424
040 _aDO-SdBNP
_bspa
_cBNPHU
082 _a334.097293
_bC313b
100 1 _aCarrasco, Eddy,
_d1940-
_96531
245 1 3 _aLa bonificación en la empresa cooperativa :
_bcuando procede pagarse /
_cEddy Carrasco ; prólogo Julio Anibal Suarez.
260 _aSanto Domingo :
_bDiálogo,
_c2008.
300 _a275 p. ;
_c21 cm.
500 _aIncluye datos biográficos del autor
500 _aIncluye índice
504 _aBibliografía : p. 273-275
505 2 _tAntecedentes y base de sustentación --
_tCaracterísticas de la empresa cooperativa --
_tFundamentos legales, doctrinarios y jurisprudenciales de la bonificación --
_tLa demanda, escritos, sentencias y recursos en materia de bonificación ante los organismos jurisdiccionales.
590 _a3 copias autografiadas por el autor
590 _aInventariado, 2018 /LP
650 4 _aCooperativas
_zRepública Dominicana.
_96532
650 4 _aAdministracion de cooperativas
_zRepública Dominicana.
_96533
650 4 _aSobresueldos por rendimiento
_zRepública Dominicana
_96534
650 4 _aIncentivos en la industria
_96535
650 4 _aCooperativismo
_zRepública Dominicana.
_96536
700 1 _aSuarez, Julio Anibal,
_epról.
_96537
910 _aJornada de catalogación
999 _c1888
_d1888